| 000 | 00383nam a22001457a 4500 | ||
|---|---|---|---|
| 003 | OSt | ||
| 005 | 20231102075629.0 | ||
| 008 | 231102b |||||||| |||| 00| 0 eng d | ||
| 040 | _cIIMT UNIVERSITY GREATER NOIDA | ||
| 100 | _aKEVAL J.KUMAR | ||
| 245 | _aMASS COMMUNICATION IN INDIA | ||
| 260 |
_aNEW DELHI _bJAICO PUBLISHING HOUSE,NEW DELHI _c2023 |
||
| 300 | _a630 | ||
| 942 |
_2ddc _c02 |
||
| 999 |
_c57604 _d57604 |
||